000 01730cam a22002775a 4500
001 L145760
008 081106s2008 xxkd f g 000 0 eng d
020 _a9781841137087
035 _a(Sirsi) u145760
041 0 _aeng
050 0 4 _a174.30994 $2 22
100 1 _aBoon, Andrew
245 0 4 _aThe ethics and conduct of lawyers in England and Wales
250 _a2nd ed.
260 _aPortland
_bHart Publishing
_c2008
300 _axxii, 446p.
_bill.
_c25cm.
350 _a32
505 2 _aPreface -- Acknowledgements -- Abbreviations -- Table of cases -- Table of statutes -- Professional ethics: ideals; organisation; power; culture -- Professional structures: governance; regulation; discipline; education -- Clients: diligence; conflict of interest; confidentiality; fees -- Wider obligations: individual third parties; collective third parties; public service; employment -- Dispute resolution: litigation; negotiation; advocacy; alternative dispute resolution
520 _aThe second edition of this textbook on professional ethics for lawyers maps the regulatory environment in which the legal profession operates and examines the mechanisms of the profession. Explores the conflict between duties to clients and duties to the wider profession, the public and society as a whole. This edition addresses changes to the law, investigates the guiding principles behind the profession and questions whether it is suitably regulated in an environment of continuous change.
521 _aAdvanced
590 _aKA
651 4 _aEngland and Wales
_y1543-
690 _aMANAGEMENT-DISPUTE AVOIDANCE, MANAGEMENT AND RESOLUTION-DISPUTE MANAGEMENT AND RESOLUTION-ADVOCACY
700 1 _aLevin, Jennifer
942 _n0
999 _c108902
_d108902